| 000 | 00758cam a2200241 i 4500 | ||
|---|---|---|---|
| 001 | 3717654 | ||
| 005 | 20180103033953.0 | ||
| 008 | 801001t19811976nyu b 001 0 eng | ||
| 010 | _a 80024890 | ||
| 020 |
_a0814753809 : _c$20.00 |
||
| 020 |
_a0814753817 (pbk.) : _c$7.00 |
||
| 040 |
_aDLC _cDLC _dDLC |
||
| 041 | 1 | _aengger | |
| 080 | _a330 | ||
| 082 | 0 | 0 |
_a330 MEN _219 |
| 100 | 1 | _a19 | |
| 101 | _aPOL | ||
| 240 | 1 | 0 |
_aGrundsätze der Volkswirthschaftslehre. _lEnglish |
| 245 | 1 | 0 |
_aPrinciples of economics / _cby Carl Menger ; translated by James Dingwall and Bert F. Hoselitz ; with an introd. by F.A. Hayek. |
| 504 | _aIncludes bibliographical references and index. | ||
| 906 |
_a7 _bcbc _corignew _du _eocip _f19 _gy-gencatlg |
||
| 942 |
_2ddc _cBK |
||
| 999 |
_c39595 _d39595 |
||